|
|
|
|
| LEADER |
00000nab a2200000 ar4500 |
| 001 |
vtls008427427 |
| 003 |
SK-MaSNL |
| 005 |
20260303065955.0 |
| 008 |
060201c2004 xo mr|p|||||||000 b|slo |
| 038 |
|
|
|a SNSK
|
| 040 |
|
|
|b slo
|c SNSK
|e AACR2
|
| 041 |
0 |
|
|a slo
|
| 044 |
|
|
|a xo
|c SK
|
| 080 |
|
|
|a 791.82
|2 UDC-MRF-SK2
|
| 080 |
|
|
|a 712.2
|2 UDC-MRF-SK2
|
| 100 |
1 |
|
|a Kimod, Andrej
|4 aut
|9 908486
|
| 245 |
1 |
0 |
|a O ZOO v Spišskej Novej Vsi je čoraz väčší záujem
|c Andrej Kimod
|
| 300 |
|
|
|b Fotogr.
|
| 610 |
2 |
7 |
|a Zoologická záhrada (Spišská Nová Ves, Slovensko)
|2 snsk
|9 31761
|
| 651 |
|
7 |
|a Spišská Nová Ves (Slovensko)
|2 snsk
|9 28800
|
| 773 |
0 |
|
|t Spišské hlasy
|g Roč. V., č. 12 (2004), s. 21.
|
| 852 |
|
|
|a SNSK
|b KIS3GCP
|
| 999 |
|
|
|c 1753479
|d 1755409
|